Catálogo público

Fisiología médica / (Record no. 165708)

MARC details
000 -CABECERA
campo de control de longitud fija 00950nam a2200313Ia 4500
001 - NÚMERO DE CONTROL
campo de control Z_2648
003 - IDENTIFICADOR DEL NÚMERO DE CONTROL
campo de control CHAP
008 - DATOS DE LONGITUD FIJA--INFORMACIÓN GENERAL
campo de control de longitud fija 220113s9999 xx 000 0 und d
010 ## - NÚMERO DE CONTROL DE LA BIBLIOTECA DEL CONGRESO
Número de control de LC 165708
020 ## - NÚMERO INTERNACIONAL ESTÁNDAR DEL LIBRO
Número Internacional Estándar del Libro 968-426-720-7
040 ## - FUENTE DE LA CATALOGACIÓN
Centro/agencia transcriptor CHAP
082 ## - NÚMERO DE LA CLASIFICACIÓN DECIMAL DEWEY
Número de clasificación 612 G35 1996
100 ## - ENTRADA PRINCIPAL--NOMBRE DE PERSONA
Nombre de persona Ganong, William F.
9 (RLIN) 45561
245 ## - MENCIÓN DE TÍTULO
Título Fisiología médica /
Mención de responsabilidad, etc. William F. Ganong; traducción y revisión técnica Eduardo Cazacuberta Zaffaroni
250 ## - MENCIÓN DE EDICIÓN
Mención de edición 15a ed.
260 ## - PUBLICACIÓN, DISTRIBUCIÓN, ETC.
Lugar de publicación, distribución, etc. México :
Nombre del editor, distribuidor, etc. El Manual Moderno,
Fecha de publicación, distribución, etc.
300 ## - DESCRIPCIÓN FÍSICA
Extensión x, 774 p.
500 ## - NOTA GENERAL
Nota general Título original de la obra : Review of medical phisiology 17th ed. De 1995
503 ## - NOTA DE HISTORIA BIBLIOGRÁFICA (BK CF MU) [OBSOLETO]
Nota de historia bibliográfica ej.1: 194056 \ ej.2: REPOSICIÓN \ ej.3: 194057
504 ## - NOTA DE BIBLIOGRAFÍA, ETC.
Nota de bibliografía, etc. Incluye bibliografía e índice
650 ## - PUNTO DE ACCESO ADICIONAL DE MATERIA--TÉRMINO DE MATERIA
Término de materia o nombre geográfico como elemento de entrada Fisiología humana
9 (RLIN) 137527
700 ## - PUNTO DE ACCESO ADICIONAL--NOMBRE DE PERSONA
Nombre de persona Cazacuberta Zaffaroni, Eduardo, tr. rev.
9 (RLIN) 139659
901 ## - ELEMENTOS DE DATOS A LOCAL LDA (RLIN)
a 612 G35 1996
902 ## - ELEMENTOS DE DATOS B LOCAL, LDB (RLIN)
a M
910 ## - DATOS DE OPCIÓN DEL USUARIO (OCLC)
Datos de opción del usuario
942 ## - ELEMENTOS DE PUNTO DE ACCESO ADICIONAL (KOHA)
Tipo de ítem Koha Libro_
942 ## - ELEMENTOS DE PUNTO DE ACCESO ADICIONAL (KOHA)
Tipo de ítem Koha
Holdings
Estado de retiro Estado de pérdida Fuente del sistema de clasificación o colocación Estado dañado No para préstamo Código de colección Localización permanente Ubicación/localización actual Ubicación en estantería Fecha de adquisición Código de barras Fecha visto por última vez Número de copia Precio válido a partir de Tipo de ítem Koha
    Dewey Decimal Classification     General Zootecnia Zootecnia   09/11/2005 z_2640 18/01/2022 1 18/01/2022 Libro
    Dewey Decimal Classification     General Zootecnia Zootecnia   20/01/2012 z_2641 18/01/2022 2 18/01/2022 Libro
    Dewey Decimal Classification     General Zootecnia Zootecnia   06/09/2013 z_6132 18/01/2022 3 18/01/2022 Libro